000 01190nam a22002657a 4500
999 _c22186
_d22186
003 AR-CdUCM
008 190425b ||||| |||| 00| 0 spa d
040 _aMUNICIPALIDAD PROVINCIAL DEL CUSCO
_cBIBLIOTECA MUNICIPAL DEL CUSCO
082 _aOropesa/N°85/2013
245 _aOropesa :
_brevista de cultura y educación de opinión y crítica /
_cAmérico Valer Vargas, Director
260 _aCusco.
_bLezama,
_c2013.
300 _a18 páginas. :
_bilustraciones ;
_c30 cm.
440 _aOropesa.
_nAño XXXII, N°LXXXV, febrero 2013.
_947610
505 _aContenido: En busca de leyes sociales. -- Cultura y lengua. -- Irrigación parqowaylla. -- La plaza de armas un monumento a conservar. -- Apuntes para la historia de Oropesa. -- El pueblo del Cusco defiende al Inka. -- Guaynapicchu desde la perspectiva histórica.
650 _aPolítica cusqueña
_947381
650 _aCultura andina
_947570
650 _aSociedad cusqueña
_947493
650 _aSiglo XX
_947561
700 _aValer Vargas, Américo
_947562
700 _aValenzuela Lovón, Armando
_91192
700 _aGil Mora, Eduardo
_946972
700 _aAmado Gonzales, Donato
_945219
942 _2ddc
_cPP
945 _arac